| 000 -LEADER |
| fixed length control field |
00733nam a22002057a 4500 |
| 005 - DATE AND TIME OF LATEST TRANSACTION |
| control field |
20240520165930.0 |
| 008 - FIXED-LENGTH DATA ELEMENTS--GENERAL INFORMATION |
| fixed length control field |
240520s2007 enk||||| |||| 00| 0 eng d |
| 020 ## - INTERNATIONAL STANDARD BOOK NUMBER |
| International Standard Book Number |
9781416029069x |
| 041 ## - LANGUAGE CODE |
| Language code of text/sound track or separate title |
eng |
| 080 ## - UNIVERSAL DECIMAL CLASSIFICATION NUMBER |
| Universal Decimal Classification number |
61 S-45 |
| 100 ## - MAIN ENTRY--PERSONAL NAME |
| Personal name |
Seller, Robert H. |
| 9 (RLIN) |
22129 |
| 245 ## - TITLE STATEMENT |
| Title |
Differential Diagnosis of Common Complaints / |
| Statement of responsibility, etc. |
Robert H. Seller. |
| 250 ## - EDITION STATEMENT |
| Edition statement |
5th Edition |
| 264 ## - PRODUCTION, PUBLICATION, DISTRIBUTION, MANUFACTURE, AND COPYRIGHT NOTICE |
| Place of production, publication, distribution, manufacture |
Philadelphia : |
| Name of producer, publisher, distributor, manufacturer |
Saunders, |
| Date of production, publication, distribution, manufacture, or copyright notice |
2007. |
| 300 ## - PHYSICAL DESCRIPTION |
| Extent |
469 p.: |
| Other physical details |
ill.; |
| Dimensions |
23 cm. |
| 653 ## - INDEX TERM--UNCONTROLLED |
| keyword |
საერთო ჩივილების დიფერენციალური დიაგნოზი |
| 653 ## - INDEX TERM--UNCONTROLLED |
| keyword |
მედიცინა |
| 700 ## - ADDED ENTRY--PERSONAL NAME |
| Personal name |
Seller, Robert H. |
| Relator term |
რედაქტორი |
| 9 (RLIN) |
22129 |
| 942 ## - ADDED ENTRY ELEMENTS (KOHA) |
| Source of classification or shelving scheme |
|
| Koha item type |
წიგნი |